000 00696nam a2200289Ia 4500
005 20260324144530.0
008 008 260324s9999 xx 000 0 eng d
020 _a9781315725581
037 _aEBOOK
040 _aCRL
040 _beng
040 _cCRL
041 _2eng
041 _aeng
084 _qCRL
100 _aDerek Milne
_91219667
245 0 _aEvaluating Mental Health Practice (Psychology Revivals)
245 0 _bMethods and Applications
260 _bTaylor and Francis
260 _c1987
365 _a
365 _b145
856 _uhttp://www.taylorfrancis.com/books/9781315725581
942 _cEBOOK
999 _c1826397
_d1826397